Columbia Alumni - Statistics

General Stats
  • This quiz has been taken 8 times
  • The average score is 31 of 74
Answer Stats
Hint Answer % Correct
Founding Father, first secretary of the treasury and main character of a succesful Broadway musical Alexander Hamilton
100%
44th President of the United States from 2009 to 2017 Barack Obama
100%
32nd President of the United States from 1933 to 1945 Franklin D. Roosevelt
100%
Associate justice of the Supreme Court of the United States from 1993 until her death in 2020 Ruth Bader Ginsburg
100%
Poet and part of the Beat Generation, "On the Road" Jack Kerouac
88%
26th President of the United States from 1901 to 1909 Theodore Roosevelt
88%
Poet, writer and part of the Beat Generation, "Howl" Allen Ginsberg
75%
Astrophysicist and former host of a television show Neil deGrasse Tyson
75%
Singer and songwriter best known for his partnership with Paul Simon Art Garfunkel
63%
Author of "The Catcher in the Rye" J. D. Salinger
63%
Founding Father and first chief justice of the United States John Jay
63%
Actor, "Call Me by Your Name" "Dune" "Beautiful Boy" Timothée Chalamet
63%
Singer, "A Thousand Miles" Vanessa Carlton
63%
Chairman and CEO of Berkshire Hathaway and one of the richest people in the world Warren Buffett
63%
Actor best known for his role as Norman Bates in "Psycho" Anthony Perkins
50%
Mayor of New York City from 2014 to 2021 Bill de Blasio
50%
Actor who received the Academy Award for Best Actor for his performance in "Manchester by the Sea" Casey Affleck
50%
Actress best known for her role as Grace Adler in "Will & Grace" Debra Messing
50%
United States Secretary of Labor and first female member of any U.S. Cabinet Frances Perkins
50%
Actor, "127 Hours" "Spider-Man" "The Disaster Artist" James Franco
50%
Author of "Catch-22" Joseph Heller
50%
First woman to win the Academy Award for the Best Director, "The Hurt Locker" Kathryn Bigelow
50%
Actress, "The Dark Knight" "Crazy Heart" "White House Down" Maggie Gyllenhaal
50%
Actor best known for his role as Jack Shephard in "Lost" Matthew Fox
50%
Co-founder of the publishing house Simon & Schuster M. Lincoln Schuster
50%
Co-founder of the publishing house Simon & Schuster Richard L. Simon
50%
CEO of the Kraft Group and owner of the New England Patriots Robert Kraft
50%
Actress, "The Piano" "X-Men" "True Blood" Anna Paquin
38%
Commissioner of the NBA from 1984 to 2014 David Stern
38%
Actor, "The Truman Show" "Apollo 13" "Pollock" Ed Harris
38%
Actress, "GoldenEye" "X-Men" "Taken" Famke Janssen
38%
Writer, "The Foundation" series "I, Robot" Isaac Asimov
38%
Actor, "Brokeback Mountain" "Prisoners" "Zodiac" "Nightcrawler" Jake Gyllenhaal
38%
Director, "Guardians of the Galaxy" "The Suicide Squad" James Gunn
38%
Actor, "500 Days of Summer" "Inception" "The Dark Knight Rises" Joseph Gordon-Levitt
38%
Hall of Fame first baseman who played 17 seasons for the New York Yankees Lou Gehrig
38%
United States Secretary of State from 1997 to 2001 and first woman to hold that post Madeleine Albright
38%
Associate justice of the Supreme Court of the United States since 2017 Neil Gorsuch
38%
Director, "The Green Book" "Dumb and Dumber" Peter Farrelly
38%
Chairman of Walmart from 1992 to 2015, one of the richest men in the world and owner of the Denver Broncos Rob Walton
38%
Hall of Fame pitcher who played 12 seasons for the Brooklyn/Los Angeles Dodgers Sandy Koufax
38%
First black woman to be elected to the United States Congress Shirley Chisholm
38%
Chairman of the Federal Reserve from 1987 to 2006 Alan Greenspan
25%
United States Secretary of State from 2021 to 2025 Antony Blinken
25%
President of Afghanistan from 2014 to 2021 Ashraf Ghani
25%
Representative for Texas's 16th congressional district from 2013 to 2019, Democratic Party's nominee for the Senate in 2018, a candidate for the presidential nomination in 2020 and 2022 Texas gubernational election Beto O'Rourke
25%
First Minister of Law and Justice of India and architect of the Indian constitution B. R. Ambedkar
25%
Director, "Scarface" "The Untouchables" "Mission: Impossible" Brian De Palma
25%
Actress, "Stranger Things" "Mad Men" "The Sopranos" Cara Buono
25%
Director, "Past Lives" Celine Song
25%
Governor of New York from 2008 to 2010, first legally blind person to become a governor of a U.S. state and the first African-American governor of New York David Paterson
25%
Senator from Michigan since 2025 Elissa Slotkin
25%
United States attorney general from 2009 to 2015 Eric Holder
25%
Senator from New Jersey from 1982 to 2001 and again from 2003 until his death in 2013 Frank Lautenberg
25%
Governor of New York from 1995 to 2006 George Pataki
25%
Director, "Superbad" "Paul" Greg Mottola
25%
Director, "Logan" "Ford v Ferrari" "Walk the Line" James Mangold
25%
Co-director and writer of "Frozen" and "Frozen II" Jennifer Lee
25%
Director, "Paterson" "Only Lovers Left Alive" "Stranger Than Paradise" Jim Jarmusch
25%
Director, "Top Gun: Maverick" "Tron: Legacy" "Oblivion" Joseph Kosinski
25%
Governor of New Hampshire from 1989 to 1993 and Senator from New Hampshire from 1993 to 2011 Judd Gregg
25%
Poet and winner of the 2020 Nobel Prize in Literature Louise Glück
25%
Owner of the Milwaukee Brewers Mark Attanasio
25%
Economist who received the 1976 Nobel Memorial Prize in Economic Sciences and is considered one of the intellectual leaders of the Chicago school of economics Milton Friedman
25%
Writer, "The New York Trilogy" "The Brooklyn Follies" "Moon Palace" Paul Auster
25%
President of Paraguay since 2023 Santiago Peña
25%
Hall of Fame quarterback who played for the Chicago Bears Sid Luckman
25%
Director, "12 Angry Men" "Dog Day Afternoon" "Network" Sidney Lumet
25%
Actor, "Gladiator" "Unbreakable" "Mystic River" Spencer Treat Clark
25%
Governor of Montana from 2013 to 2021 Steve Bullock
25%
CEO of Xerox from 2009 to 2016 and first black woman to lead a Fortune 500 company Ursula Burns
25%
Author of the "Earthsea" fantasy series Ursula K. Le Guin
25%
United States attorney general from 1991 to 1993 and again from 2019 to 2020 William Barr
25%
Founding Father and first United States Secretary of Foreign Affairs Robert R. Livingston
13%
No matching quizzes found
Score Distribution
Percent of People with Each Score
Percentile by Number Answered
Your Score History
You have not taken this quiz